000 02784nam0a2200409 4500
001 RU\NLR\BIBL_A\012317787
005 20200901165112.0
010 _a978-5-7883-1463-1
_933
021 _aRU
_bКН-П-20-021381
_9КН-П-20-1667
021 _aRU
_bКН-П-20-021381
_9КН-П-20-2459
035 _a(NLR Aleph) 012317787
035 _a(RuMoRGB)010323230
090 _a11405474
_c11405474
100 _a20200819d2020 k y0rusy50 ca
101 0 _arus
102 _aRU
105 _aa|||z|||100zy
181 0 _ai
_baxxe
182 0 _an
200 1 _aТранспортный бизнес и логистика: актуальные аспекты развития
_eсборник тезисов I Всероссийской научно-практической конференции, 17-19 февраля 2020 г.
_fМинистерство науки и высшего образования Российской Федерации, Федеральное государственное автономное образовательное учреждение высшего образования "Самарский национальный исследовательский университет имени академика С.П. Королева" (Самарский университет)
_g[отверственный редактор: к.т.н., доц. Тихонов А.Н.]
203 _aТекст
_bвизуальный
_cнепосредственный
210 _aСамара
_cИзд-во Самарского университета
_d2020
215 _a167 с.
_cил., табл.
_d21
320 _aБиблиогр. в конце ст.
606 1 _aТранспорт
_xПредпринимательство
_jСъезды, совещания и т.п
_2nlr_sh2
_3RU\NLR\AUTH\661448341
606 1 _aЛогистика транспортная
_jСъезды, совещания и т.п
_2nlr_sh1
_2nlr_sh2
_3RU\NLR\AUTH\661267542
686 1 _aУ37(2)-13я431
686 1 _aУ37(2)-59в611я431
702 1 _aТихонов
_bА. Н.
_cканд. техн. наук
_gАлексей Николаевич
_3RU\NLR\AUTH\770204521
_4340
711 1 2 _a"Транспортный бизнес и логистика: актуальные аспекты развития", всероссийская научно-практическая конференция
_d1
_f2020
_eСамара
_3RU\NLR\AUTH\880524919
712 0 2 _aСамарский национальный исследовательский университет им. С. П. Королева
_3RU\NLR\AUTH\880430228
_4475
942 _cBOOK
980 _aNBR
980 _aNB